Frauenerwerbstätigkeit, Tertiärisierung und Stadtentwicklung. Oder: Verschwindet die Hausfrau?
Subjektívne a objektívne faktory ovplyvňujúce účasť žien na pracovnom procese. Postavenie žien v spoločnosti a možnosti jej zamestnania v terciárnom sektore. Podnikateľská orientácia služieb a orientácia na domácnosti. Zamestnanecká štruktúra žien v niektorých západných krajinách. Tendencie vytváran...
Enregistré dans:
| Auteur principal: | |
|---|---|
| Autres auteurs: | |
| Format: | Chapitre de livre |
| Langue: | allemand |
| Sujets: | |
| Tags: |
Pas de tags, Soyez le premier à ajouter un tag!
|
MARC
| LEADER | 00000naa a2200000 4500 | ||
|---|---|---|---|
| 001 | r004450 | ||
| 005 | 20220819194001.9 | ||
| 041 | 0 | |a ger | |
| 044 | |a DE | ||
| 245 | 1 | 0 | |a Frauenerwerbstätigkeit, Tertiärisierung und Stadtentwicklung. Oder: Verschwindet die Hausfrau? |c H. Häussermann, I. Ostner |
| 520 | |a Subjektívne a objektívne faktory ovplyvňujúce účasť žien na pracovnom procese. Postavenie žien v spoločnosti a možnosti jej zamestnania v terciárnom sektore. Podnikateľská orientácia služieb a orientácia na domácnosti. Zamestnanecká štruktúra žien v niektorých západných krajinách. Tendencie vytvárania nových pracovných miest v terciárnom sektore. | ||
| 610 | 2 | 0 | |a ženy |
| 610 | 2 | 0 | |a domácnosti |
| 610 | 2 | 0 | |a práca žien |
| 610 | 2 | 0 | |a mestá |
| 610 | 2 | 0 | |a sféra terciárna |
| 610 | 2 | 0 | |a miesta pracovné |
| 610 | 2 | 0 | |a porovnanie štatistické medzinárodné |
| 100 | 1 | |a Häussermann, H. | |
| 700 | 1 | |a Ostner, I. | |